Cuestiones de derecho marítimo (Record no. 165456)

MARC details
000 -LEADER
campo de control de longitud fija 00706nam a2200217 i 4500
001 - NÚMERO DE CONTROL
campo de control 165456
003 - IDENTIFICADOR DE NÚMERO DE CONTROL
campo de control ES-MaACL
005 - FECHA Y HORA DE LA ÚLTIMA TRANSACCIÓN
campo de control 20230906213135.0
008 - DATOS DE LONGITUD FIJA--INFORMACIÓN GENERAL
campo de control de longitud fija 180213s1911 sp |||| | spa d
100 1# - ENTRADA PRINCIPAL--NOMBRE DE PERSONA
Nombre de persona Estasén y Cortada, Pedro.
9 (RLIN) 48023
245 10 - MENCIÓN DEL TÍTULO
Título Cuestiones de derecho marítimo
Resto del título : remolque, asistencia y salvamento /
Mención de responsabilidad, etc. por Pedro Estasén.
260 ## - PUBLICACIÓN, DISTRIBUCIÓN, ETC.
Lugar de publicación, distribución, etc. Madrid :
Nombre del editor, distribuidor, etc. Reus,
Fecha de publicación, distribución, etc. 1911.
300 ## - DESCRIPCIÓN FÍSICA
Extensión 224 p. ;
Dimensiones 17 cm.
490 1# - MENCIÓN DE SERIE
Mención de serie Manuales Reus ;
Designación de volumen o secuencia 3
500 ## - NOTA GENERAL
Nota general Incluye apéndice legislativo.
650 #4 - PUNTO DE ACCESO ADICIONAL DE MATERIA--TÉRMINO DE MATERIA
Término de materia o nombre geográfico como elemento de entrada Contratos de remolque.
9 (RLIN) 164249
650 #4 - PUNTO DE ACCESO ADICIONAL DE MATERIA--TÉRMINO DE MATERIA
Término de materia o nombre geográfico como elemento de entrada Salvamento (Derecho marítimo)
9 (RLIN) 164250
830 0# - PUNTO DE ACCESO ADICIONAL DE SERIE-TÍTULO UNIFORME
Título uniforme Manuales Reus ;
Designación de volumen o secuencia 3
9 (RLIN) 183879
852 ## - LOCALIZACIÓN
Ubicación ES-MaACL
Número de control de estantería A-680
Holdings
Estatus retirado Estado de pérdida Estado de daño No para préstamo Biblioteca de origen Biblioteca actual Ubicación en estantería Fecha de adquisición Fuente de adquisición Total de préstamos Signatura topográfica completa Código de barras Visto por última vez Precio de reemplazo Tipo de ítem Koha
        Biblioteca del Ateneo de Madrid Biblioteca del Ateneo de Madrid Sala Pecera Planta 1 13/02/2018     A-680 1198359 23/02/2023 23/02/2023 Libro impreso